[Event "Goldener Springer 2019"]
[Site "Frankfurt-Griesheim"]
[Date "2019.??.??"]
[Round "1"]
[White "Strache, Rolf"]
[Black "Keuth, Gerd Erich"]
[Result "1/2-1/2"]
[WhiteElo "1536"]
[BlackElo "2016"]
[PlyCount "47"]
[EventDate "2019.??.??"]
[WhiteTeam "SK Herborn"]
[BlackTeam "SC Herborn"]

1. d4 d5 2. c4 e6 3. Nc3 Nf6 4. Bg5 c6 5. e3 Nbd7 6. Nf3 Qa5 7. Bxf6 Nxf6 8.
Nd2 Bb4 9. Qc2 Ne4 10. Ndxe4 dxe4 11. Be2 e5 12. dxe5 Qxe5 13. O-O Bxc3 14.
Qxc3 Qxc3 15. bxc3 O-O 16. Rfd1 c5 17. Rd5 b6 18. Rad1 Re8 19. Rd8 Kf8 20. h3
Ke7 21. Rxe8+ Kxe8 22. Kh2 Ke7 23. Kg3 f6 24. h4 1/2-1/2

[Event "Goldener Springer 2019"]
[Site "Frankfurt-Griesheim"]
[Date "2019.??.??"]
[Round "1"]
[White "Ostermeier, Thorsten"]
[Black "Shashkin, Igor"]
[Result "1/2-1/2"]
[WhiteElo "1976"]
[BlackElo "2077"]
[PlyCount "46"]
[EventDate "2019.??.??"]
[WhiteTeam "SF Frankfurt"]
[BlackTeam "SV Oberursel"]

1. d4 g6 2. c4 Bg7 3. Nc3 d6 4. e4 Nc6 5. Be3 e5 6. Nge2 Nf6 7. d5 Ne7 8. h3
O-O 9. g4 Ne8 10. Ng3 f5 11. gxf5 gxf5 12. Bg5 f4 13. Nh5 Rf7 14. Qf3 Bd7 15.
Be2 a6 16. O-O-O b5 17. Rdg1 Kh8 18. Rh2 Qc8 19. Rhg2 Ng8 20. Ng3 Nef6 21. Bxf6
Nxf6 22. Nh5 Nxh5 23. Qxh5 Qf8 1/2-1/2

[Event "Goldener Springer 2019"]
[Site "Frankfurt-Griesheim"]
[Date "2019.??.??"]
[Round "1"]
[White "Yaghi, Rita"]
[Black "Zuyev, Igor"]
[Result "0-1"]
[WhiteElo "1743"]
[BlackElo "2441"]
[PlyCount "64"]
[EventDate "2019.??.??"]
[WhiteTeam "SK Marburg"]
[BlackTeam "SC Heusenstamm"]

1. e4 c5 2. Nf3 g6 3. d4 cxd4 4. Nxd4 Nc6 5. Nc3 Bg7 6. Be3 Nf6 7. f3 O-O 8.
Qd2 d5 9. exd5 Nxd5 10. Nxd5 Qxd5 11. Nxc6 Qxc6 12. c3 Bf5 13. Rd1 Qc7 14. Be2
Rad8 15. Qc1 Be6 16. Rxd8 Rxd8 17. a3 Bb3 18. O-O b6 19. Bd1 Bc4 20. Rf2 f5 21.
Bc2 Be5 22. f4 Bd6 23. b3 Bf7 24. c4 e5 25. fxe5 Bxe5 26. g3 Re8 27. Kg2 Qb7+
28. Kg1 Qe7 29. Rg2 Bb2 30. Qxb2 Qxe3+ 31. Kh1 Qf3 32. Qc1 Re2 0-1

[Event "Goldener Springer 2019"]
[Site "Frankfurt-Griesheim"]
[Date "2019.??.18"]
[Round "1"]
[White "Gerhard, Dominik"]
[Black "Olesiak, Marcin"]
[Result "0-1"]
[WhiteElo "1785"]
[BlackElo "2033"]
[PlyCount "64"]
[EventDate "2019.??.??"]
[WhiteTeam "SV Oberursel"]
[BlackTeam "SV Oberursel"]

1. e4 c5 2. Nc3 Nc6 3. Bb5 Nd4 4. Bc4 e6 5. Nge2 Nf6 6. O-O b5 7. Nxd4 bxc4 8.
Nde2 d5 9. exd5 exd5 10. Re1 Be7 11. d4 cxd3 12. Qxd3 O-O 13. Bf4 Re8 14. Rad1
Bb7 15. Ng3 Qb6 16. Nf5 Bf8 17. Qg3 Nh5 18. Na4 Nxg3 19. Nxb6 Nxf5 20. Nxa8
Rxa8 21. c3 h5 22. Rd2 Bc6 23. f3 Rd8 24. Red1 Re8 25. Kf2 f6 26. h3 g5 27. Bh2
Kg7 28. g4 hxg4 29. hxg4 Nd6 30. b3 Nb5 31. c4 dxc4 32. bxc4 Nd4 0-1

[Event "Goldener Springer 2019"]
[Site "Frankfurt-Griesheim"]
[Date "2019.??.??"]
[Round "1"]
[White "Engel, Jan"]
[Black "Henrich, David"]
[Result "0-1"]
[WhiteElo "1860"]
[BlackElo "2178"]
[PlyCount "70"]
[EventDate "2019.??.??"]
[WhiteTeam "Frankfurter TV"]
[BlackTeam "Frankfurter TV"]

1. e4 d6 2. d4 Nf6 3. Nc3 Nbd7 4. f4 e5 5. Nf3 exd4 6. Nxd4 Nc5 7. Bd3 Be7 8.
O-O O-O 9. Kh1 Nxd3 10. cxd3 c5 11. Nf3 b6 12. b3 Bb7 13. Bb2 d5 14. e5 Ng4 15.
Qe2 d4 16. Ne4 Ne3 17. Rf2 f5 18. Ned2 Nd5 19. Ne1 Bh4 20. Rf3 Nc3 21. Bxc3
dxc3 22. Nc4 Bxe1 23. Rxe1 Bxf3 24. Qxf3 Qd4 25. Nd6 Rad8 26. g3 a6 27. Kg2 b5
28. Kf1 Rxd6 29. exd6 Qxd6 30. Re5 Rd8 31. Qe2 g6 32. Ke1 Kf7 33. Qe3 Qxd3 34.
Re7+ Kf8 35. Re8+ Rxe8 0-1

[Event "Goldener Springer 2019"]
[Site "Frankfurt-Griesheim"]
[Date "2019.??.??"]
[Round "1"]
[White "Emig, Nils"]
[Black "Bakiev, Diyor"]
[Result "1/2-1/2"]
[WhiteElo "1744"]
[BlackElo "1918"]
[PlyCount "60"]
[EventDate "2019.??.??"]
[WhiteTeam "SK Marburg"]
[BlackTeam "SV Ffm-Griesheim"]

1. e4 Nf6 2. Nc3 e5 3. Nf3 Nc6 4. d4 exd4 5. Nxd4 Bb4 6. Nxc6 bxc6 7. Bd3 O-O
8. O-O Re8 9. Re1 d5 10. exd5 Rxe1+ 11. Qxe1 cxd5 12. Bd2 Bb7 13. a3 Bd6 14.
Qe2 Qd7 15. Re1 c5 16. b3 a6 17. Bg5 c4 18. bxc4 dxc4 19. Bxc4 Qc6 20. Qf1 Rc8
21. Bxf6 gxf6 22. Bd5 Qxc3 23. Bxb7 Bxh2+ 24. Kxh2 Qc7+ 25. Kg1 Qxb7 26. Qd3
Qc6 27. Re3 Qb5 28. Rg3+ Kh8 29. Qd4 Qe5 30. Qg4 f5 1/2-1/2

[Event "Goldener Springer 2019"]
[Site "Frankfurt-Griesheim"]
[Date "2019.??.??"]
[Round "1"]
[White "Hankel, Dennis"]
[Black "Mehlen, Theodor"]
[Result "1-0"]
[WhiteElo "2118"]
[BlackElo "1862"]
[PlyCount "85"]
[EventDate "2019.??.??"]
[WhiteTeam "SF Neuberg"]
[BlackTeam "SC Matt im Park"]

1. d4 d5 2. Bf4 Nf6 3. e3 e6 4. Nd2 c5 5. c3 cxd4 6. exd4 Bd6 7. Bg3 Nc6 8.
Ngf3 Qc7 9. Bd3 O-O 10. O-O Bxg3 11. hxg3 Re8 12. Re1 Bd7 13. Ne5 Re7 14. Ndf3
Be8 15. Qd2 Nd7 16. Qf4 Ncxe5 17. dxe5 Nf8 18. Re2 b5 19. Nd4 Rb8 20. a3 a5 21.
Nc2 Qb6 22. Re3 Rc7 23. g4 g6 24. Rh3 Qc5 25. g5 Qe7 26. Ne3 b4 27. cxb4 axb4
28. Ng4 Nd7 29. a4 b3 30. Bb5 Rxb5 31. axb5 Rc4 32. Nf6+ Nxf6 33. Qxf6 Qb7 34.
Rxb3 Rc8 35. b6 d4 36. Qf4 Rc6 37. Qxd4 Kg7 38. Ra7 Qb8 39. b7 Rc1+ 40. Kh2 Re1
41. Ra8 Qc7 42. Qf4 Qc2 43. Qf6+ 1-0

[Event "Goldener Springer 2019"]
[Site "Frankfurt-Griesheim"]
[Date "2019.??.??"]
[Round "1"]
[White "Pham, Phuong Bao"]
[Black "Nagelsdiek, Ralf"]
[Result "0-1"]
[WhiteElo "1806"]
[BlackElo "2021"]
[PlyCount "77"]
[EventDate "2019.??.??"]
[WhiteTeam "Frankfurter TV"]
[BlackTeam "SK Bad Homburg"]

1. e4 c5 2. Nf3 d6 3. d4 cxd4 4. Nxd4 Nf6 5. Nc3 a6 6. f3 e5 7. Nb3 Be6 8. Be3
Be7 9. Qd2 b5 10. g4 Nbd7 11. g5 Nh5 12. a4 b4 13. Nd5 Bxd5 14. exd5 O-O 15.
Rg1 a5 16. O-O-O Qc7 17. Bb5 Rfc8 18. Rg4 Nf4 19. Bxf4 exf4 20. h4 Ne5 21. Rxf4
g6 22. Nd4 Bf8 23. Nc6 Bg7 24. Qe3 h5 25. Re4 Kh7 26. Rd2 f5 27. gxf6 Bxf6 28.
Nxe5 Bxe5 29. Bc6 Ra7 30. Rg2 Qg7 31. b3 Rf7 32. Kd1 Rcf8 33. Rf2 Rf4 34. Rxf4
Rxf4 35. Qe1 Rd4+ 36. Rd2 Rf4 37. Qf2 Qf6 38. Rd3 Rxh4 39. Kd2 0-1

[Event "Goldener Springer 2019"]
[Site "Frankfurt-Griesheim"]
[Date "2019.??.18"]
[Round "1"]
[White "Urbach, Jens"]
[Black "Weiland, Thomas"]
[Result "0-1"]
[WhiteElo "1508"]
[BlackElo "1800"]
[PlyCount "104"]
[EventDate "2019.??.??"]
[WhiteTeam "SF Frankfurt"]
[BlackTeam "SV Oberursel"]

1. e4 c6 2. d4 d5 3. exd5 cxd5 4. Nf3 Nc6 5. Be2 Nf6 6. O-O e6 7. Be3 Be7 8.
Nbd2 O-O 9. c4 dxc4 10. Bxc4 Nd5 11. a3 Bf6 12. Ne4 Nxe3 13. Nxf6+ Qxf6 14.
fxe3 Qh6 15. Qd2 b6 16. Rad1 Na5 17. Ba2 Bb7 18. Ne5 Rad8 19. Ng4 Qg5 20. h3
Bd5 21. Bxd5 exd5 22. Qd3 Nc4 23. Rf5 Qh4 24. Qe2 h5 25. Nh2 g6 26. Nf3 Qe4 27.
Rg5 Qxe3+ 28. Qxe3 Nxe3 29. Re1 Nc4 30. Re2 Kg7 31. Re7 a5 32. Rb7 Rd6 33. Nh4
Kh6 34. Rg3 Nxb2 35. Rb3 Nc4 36. Nf3 f6 37. g4 g5 38. h4 hxg4 39. hxg5+ fxg5
40. Ne5 Nxe5 41. dxe5 Re6 42. R7xb6 Rfe8 43. Rxe6+ Rxe6 44. Rb5 Rxe5 45. Rxa5
Kh5 46. a4 Kh4 47. Kg2 Re2+ 48. Kf1 Rd2 49. Ke1 Ra2 50. Ra7 g3 51. Kf1 g2+ 52.
Kg1 Kg3 0-1

[Event "Goldener Springer 2019"]
[Site "Frankfurt-Griesheim"]
[Date "2019.??.??"]
[Round "1"]
[White "Kuhn, Gerhard"]
[Black "Stock, Juergen"]
[Result "0-1"]
[WhiteElo "1948"]
[BlackElo "1942"]
[PlyCount "100"]
[EventDate "2019.??.??"]
[WhiteTeam "SK Marburg"]
[BlackTeam "Sfr. Kelkheim"]

1. e4 e6 2. d4 d5 3. Nd2 Be7 4. c3 c5 5. exd5 cxd4 6. cxd4 Qxd5 7. Ngf3 Nc6 8.
Bc4 Qd8 9. Nb3 Nf6 10. O-O O-O 11. Qe2 a5 12. a4 Nb4 13. Bf4 b6 14. Ne5 Nfd5
15. Bg3 Bb7 16. Rac1 Rc8 17. Bb5 Rxc1 18. Rxc1 Nf6 19. Bc4 Ne4 20. f3 Nd6 21.
Bb5 Nxb5 22. Qxb5 Bd5 23. Nd2 Bf6 24. Ndc4 Bxc4 25. Qxc4 Bxe5 26. Bxe5 Nd5 27.
b3 Qg5 28. Bg3 h5 29. Re1 h4 30. Bf2 Nf4 31. g3 Nh3+ 32. Kg2 Nxf2 33. Kxf2
hxg3+ 34. hxg3 Rd8 35. Qc3 Qd5 36. Re4 Qd7 37. Qe1 Rc8 38. Qd2 Rc6 39. Re2 Rd6
40. Ke3 e5 41. Kf2 Rxd4 42. Qe3 f6 43. g4 Qd5 44. Qc3 Rd3 45. Qc8+ Kf7 46. Qc7+
Kg6 47. Re3 Rxe3 48. Kxe3 Qxb3+ 49. Kf2 Qxa4 50. Qxb6 Qd4+ 0-1

[Event "Goldener Springer 2019"]
[Site "Frankfurt-Griesheim"]
[Date "2019.??.??"]
[Round "1"]
[White "Calvi, Stefan"]
[Black "Rutsatz, Mario"]
[Result "0-1"]
[WhiteElo "2007"]
[BlackElo "2017"]
[PlyCount "74"]
[EventDate "2019.??.??"]
[WhiteTeam "SF Frankfurt"]
[BlackTeam "SF Frankfurt"]

1. e4 e6 2. d3 c5 3. Nf3 Nc6 4. g3 Nge7 5. Bg2 g6 6. Nbd2 Bg7 7. c3 d5 8. O-O
b6 9. Re1 a5 10. a4 Ra7 11. h4 h6 12. Nf1 d4 13. c4 e5 14. N3h2 O-O 15. h5 g5
16. Bd2 f5 17. exf5 Bxf5 18. Be4 Qd7 19. g4 Bxe4 20. Rxe4 Nc8 21. Ng3 Nd6 22.
Qe2 Qf7 23. Re1 Re7 24. Qf1 Nxe4 25. Rxe4 Qe6 26. Qg2 Ref7 27. Re2 Na7 28. Ne4
Nc8 29. b3 Nd6 30. Nxd6 Qxd6 31. Qe4 Rf6 32. Nf1 Qd7 33. Nh2 Qf7 34. Be1 Rf4
35. Qc6 e4 36. Rxe4 Rxe4 37. Qxe4 Re8 0-1

[Event "Goldener Springer 2019"]
[Site "Frankfurt-Griesheim"]
[Date "2019.??.??"]
[Round "1"]
[White "Pessotschinski, Lars"]
[Black "Stuhlmann, Florian"]
[Result "0-1"]
[WhiteElo "1563"]
[BlackElo "1851"]
[PlyCount "69"]
[EventDate "2019.??.??"]
[WhiteTeam "TuS Makkabi"]
[BlackTeam "SC Lindenholzhausen"]

1. e4 c5 2. Nc3 e6 3. f4 Nc6 4. Nf3 a6 5. a4 b6 6. Bc4 Bb7 7. d4 cxd4 8. Nxd4
Na5 9. Bd3 Nf6 10. O-O Bc5 11. Be3 Nc6 12. e5 Nxd4 13. exf6 Qxf6 14. Ne4 Bxe4
15. Bxe4 d5 16. Bf3 Nxf3+ 17. Rxf3 Bxe3+ 18. Rxe3 Qxf4 19. Re2 O-O 20. Qd3 Rfc8
21. Rf1 Qxa4 22. Ref2 Ra7 23. b3 Qb4 24. Qh3 Qc3 25. Qh5 g6 26. Qe2 a5 27. Qb5
Qc5 28. Qa4 b5 29. Qf4 a4 30. bxa4 bxa4 31. Ra1 a3 32. Kh1 Qc4 33. Qf3 Qc3 34.
Qf4 Qxa1+ 35. Rf1 0-1

[Event "Goldener Springer 2019"]
[Site "Frankfurt-Griesheim"]
[Date "2019.??.??"]
[Round "1"]
[White "John, Volkmar"]
[Black "Staiger, Frank"]
[Result "0-1"]
[WhiteElo "1688"]
[BlackElo "2315"]
[PlyCount "58"]
[EventDate "2019.??.??"]
[WhiteTeam "SC Herborn"]
[BlackTeam "Sfr. Kelkheim"]

1. Nf3 d5 2. c4 d4 3. b4 Bg4 4. Qb3 f6 5. Bb2 e5 6. d3 Nd7 7. Nbd2 a5 8. a3 Ne7
9. g3 Nc6 10. b5 Nc5 11. Qc2 Nb8 12. Bg2 a4 13. O-O Qd6 14. h3 Bh5 15. Rfe1
Nbd7 16. e3 Bg6 17. exd4 Nxd3 18. Ne4 Bxe4 19. Rxe4 Nxb2 20. Qxb2 O-O-O 21.
dxe5 fxe5 22. Nxe5 Nxe5 23. Qxe5 Qxe5 24. Rxe5 Bd6 25. Re3 Bc5 26. Re2 Rd3 27.
Kf1 Rf8 28. Bd5 Rxg3 29. f3 Rg1# 0-1

[Event "Goldener Springer 2019"]
[Site "Frankfurt-Griesheim"]
[Date "2019.??.??"]
[Round "1"]
[White "Keller, Peter"]
[Black "du Maire, Jerome"]
[Result "1-0"]
[WhiteElo "2193"]
[BlackElo "2148"]
[PlyCount "57"]
[EventDate "2019.??.??"]
[WhiteTeam "Frankfurter TV"]
[BlackTeam "Frankfurter TV"]

1. e4 e6 2. d4 d5 3. Nd2 Nc6 4. Ngf3 Nf6 5. e5 Nd7 6. c4 dxc4 7. Nxc4 Nb6 8. a3
Nxc4 9. Bxc4 Ne7 10. O-O Bd7 11. b4 Bc6 12. Bb2 Qd7 13. a4 O-O-O 14. b5 Bd5 15.
Bd3 h6 16. a5 Kb8 17. Qe2 Nf5 18. Bc3 g5 19. Nd2 Be7 20. Ne4 h5 21. Rfd1 g4 22.
Rab1 Rdg8 23. Nc5 Qd8 24. b6 cxb6 25. axb6 Bxc5 26. dxc5 Qd7 27. Bxf5 exf5 28.
e6 Qxe6 29. Qe5+ 1-0

[Event "Goldener Springer 2019"]
[Site "Frankfurt-Griesheim"]
[Date "2019.??.??"]
[Round "1"]
[White "Rondonuwu, Grover"]
[Black "Kolker, Vladislav"]
[Result "1/2-1/2"]
[WhiteElo "2086"]
[BlackElo "2010"]
[PlyCount "83"]
[EventDate "2019.??.??"]
[WhiteTeam "Frankfurter TV"]
[BlackTeam "SC Bad Nauheim"]

1. d4 Nf6 2. Nf3 g6 3. Bf4 Bg7 4. e3 d6 5. h3 O-O 6. Be2 Nbd7 7. O-O b6 8. a4
Bb7 9. a5 a6 10. c4 Ne4 11. Nfd2 e5 12. Bh2 Nxd2 13. Qxd2 Qg5 14. d5 f5 15. Nc3
e4 16. Rab1 bxa5 17. Na4 Be5 18. Qxa5 Rac8 19. Qd2 Rf7 20. b4 Qe7 21. Rfd1 Rd8
22. Bxe5 Nxe5 23. Qd4 g5 24. Nc3 Bc8 25. c5 f4 26. Nxe4 f3 27. gxf3 Nxf3+ 28.
Bxf3 Rxf3 29. Kg2 Rxh3 30. Rh1 Bf5 31. Nf6+ Kf7 32. Rxh3 Bxh3+ 33. Kxh3 Qxf6
34. Qe4 Qg6 35. Qxg6+ Kxg6 36. e4 Rb8 37. cxd6 cxd6 38. Kg3 h5 39. Kf3 g4+ 40.
Ke3 Kg5 41. f4+ gxf3 42. Kxf3 1/2-1/2

[Event "Goldener Springer 2019"]
[Site "Frankfurt-Griesheim"]
[Date "2019.??.??"]
[Round "1"]
[White "Eckert, Michael"]
[Black "Poetsch, Hagen"]
[Result "0-1"]
[WhiteElo "1536"]
[BlackElo "2510"]
[PlyCount "60"]
[EventDate "2019.??.??"]
[WhiteTeam "SK Herborn"]
[BlackTeam "SC Heusenstamm"]

1. c4 e5 2. Nc3 Nf6 3. e3 Bb4 4. Nf3 Bxc3 5. bxc3 d6 6. d4 e4 7. Nd2 O-O 8. Be2
c5 9. O-O Nc6 10. Nb3 Qe7 11. Ba3 b6 12. Qd2 Ba6 13. Rac1 Rad8 14. Rfd1 Rfe8
15. Rc2 Nb8 16. Qe1 Nbd7 17. Nd2 Nf8 18. Nf1 Qd7 19. Nd2 Qa4 20. Rdc1 Qxa3 21.
Nb1 Qa4 22. Nd2 Ng6 23. Qf1 Qd7 24. Rb1 Bb7 25. Qc1 Bc6 26. Rcb2 Ba4 27. Nb3
Qf5 28. Qd2 Nh4 29. Rf1 Qg5 30. g3 Nf3+ 0-1

[Event "Goldener Springer 2019"]
[Site "Frankfurt-Griesheim"]
[Date "2019.??.??"]
[Round "1"]
[White "Gries, Volker"]
[Black "Markosyan, Aleksandr"]
[Result "1-0"]
[WhiteElo "2069"]
[BlackElo "1578"]
[PlyCount "57"]
[EventDate "2019.??.??"]
[WhiteTeam "SV Oberursel"]
[BlackTeam "SG Idstein"]

1. e4 c5 2. Nf3 g6 3. Nc3 Bg7 4. Bc4 Nc6 5. O-O e6 6. Re1 Nge7 7. d3 O-O 8. Be3
d5 9. exd5 exd5 10. Nxd5 Nxd5 11. Bxc5 Nde7 12. d4 Re8 13. Ng5 Rf8 14. c3 h6
15. Nxf7 Rxf7 16. Qb3 Qf8 17. Bxe7 Nxe7 18. Bxf7+ Qxf7 19. Rxe7 Qxb3 20. axb3
Kf8 21. Rae1 b6 22. Re8+ Kf7 23. R1e7+ Kf6 24. Rc7 Bb7 25. Ree7 Bf8 26. Rf7+
Ke6 27. Rxb7 Re8 28. g3 Kd5 29. Kf1 1-0

[Event "Goldener Springer 2019"]
[Site "Frankfurt-Griesheim"]
[Date "2019.??.??"]
[Round "1"]
[White "Rabiya, Karim"]
[Black "Hoehn, Michael"]
[Result "0-1"]
[WhiteElo "1794"]
[BlackElo "2012"]
[PlyCount "44"]
[EventDate "2019.??.??"]
[WhiteTeam "SK Niederbrechen"]
[BlackTeam "VSG Offenbach"]

1. e4 d6 2. d4 Nf6 3. Nc3 c6 4. f4 Qa5 5. Bd2 e5 6. Nf3 Nbd7 7. Bc4 h6 8. O-O
Qc7 9. Ng5 hxg5 10. fxg5 exd4 11. gxf6 Ne5 12. Nd5 cxd5 13. Bxd5 Be6 14. c3 Qb6
15. Qa4+ Bd7 16. Qxd4 gxf6 17. Rxf6 Be7 18. Rf2 Bc6 19. Be3 Bxd5 20. Qxe5 dxe5
21. Bxb6 axb6 22. exd5 Bc5 0-1

[Event "Goldener Springer 2019"]
[Site "Frankfurt-Griesheim"]
[Date "2019.??.??"]
[Round "1"]
[White "Klundt, Klaus"]
[Black "Adamczyk, Matthias"]
[Result "1-0"]
[WhiteElo "2309"]
[BlackElo "2026"]
[PlyCount "59"]
[EventDate "2019.??.??"]
[WhiteTeam "SC Heusenstamm"]
[BlackTeam "SC Weiterstadt"]

1. e4 c6 2. d4 d5 3. exd5 cxd5 4. c4 e6 5. Nf3 Nc6 6. Nc3 Nf6 7. Bg5 Be7 8. c5
O-O 9. Bb5 Qc7 10. O-O Bd7 11. Rc1 h6 12. Bh4 Rac8 13. Re1 a6 14. Bd3 Rfe8 15.
a3 b5 16. Bb1 b4 17. Na4 Nh5 18. Nb6 Rb8 19. Qd3 f5 20. Bxe7 Rxe7 21. Qxa6 g5
22. Ne5 Nxe5 23. Rxe5 bxa3 24. Nxd5 axb2 25. Nxe7+ Kf7 26. Rce1 Kxe7 27. Rxe6+
Bxe6 28. Qxe6+ Kf8 29. Qxh6+ Ng7 30. Ba2 1-0

[Event "Goldener Springer 2019"]
[Site "Frankfurt-Griesheim"]
[Date "2019.??.??"]
[Round "1"]
[White "Hahn, Florian"]
[Black "Meyer, Marcel"]
[Result "1-0"]
[WhiteElo "2173"]
[BlackElo "1866"]
[PlyCount "63"]
[EventDate "2019.??.??"]
[WhiteTeam "SC Herborn"]
[BlackTeam "SC Herborn"]

1. Nf3 d5 2. g3 Nf6 3. Bg2 c6 4. c4 Bf5 5. cxd5 cxd5 6. Qb3 Qc7 7. O-O Bc2 8.
Qc3 Qxc3 9. Nxc3 Nc6 10. d3 Rc8 11. Ne1 d4 12. Nxc2 dxc3 13. bxc3 e6 14. Rb1 b6
15. c4 Bc5 16. Rd1 O-O 17. h3 Rfd8 18. Bg5 Nd4 19. Nxd4 Bxd4 20. Kf1 h6 21. Bf4
Nh5 22. Bd2 g5 23. e3 Bg7 24. Ke2 f5 25. Rb5 Bf8 26. Bc3 Rc5 27. a4 f4 28. gxf4
gxf4 29. Bf3 Ng7 30. exf4 Rf5 31. Be5 Bd6 32. Bg4 1-0

[Event "Goldener Springer 2019"]
[Site "Frankfurt-Griesheim"]
[Date "2019.??.??"]
[Round "1"]
[White "Varma, Christopher"]
[Black "Schellen, Sven"]
[Result "0-1"]
[WhiteElo "1814"]
[BlackElo "1858"]
[PlyCount "100"]
[EventDate "2019.??.??"]
[WhiteTeam "SV Oberursel"]
[BlackTeam "SF Frankfurt"]

1. e4 e5 2. Nf3 Nc6 3. Bb5 Nf6 4. Nc3 Bc5 5. Nxe5 Nxe5 6. d4 Bb4 7. dxe5 Nxe4
8. Qd4 Bxc3+ 9. bxc3 Ng5 10. Ba3 b6 11. O-O Ne6 12. Qe4 Rb8 13. f4 Bb7 14. Qe2
a6 15. f5 Nc5 16. Bc4 Qe7 17. Qg4 Qxe5 18. Rae1 Ne4 19. Rxe4 Bxe4 20. Qh4 d5
21. Re1 c6 22. Bd3 Qf6 23. Qf4 Kd7 24. Bxe4 dxe4 25. Rd1+ Kc8 26. Qxe4 Rd8 27.
Re1 Qxc3 28. Be7 Qd4+ 29. Qxd4 Rxd4 30. Bf8 Rd2 31. Re8+ Rd8 32. Rxd8+ Kxd8 33.
Bxg7 Kd7 34. Kf2 Kd6 35. Ke3 Kd5 36. Kd3 f6 37. Bxf6 Rf8 38. c4+ Kd6 39. Bd4 c5
40. Be3 Rxf5 41. a3 b5 42. g4 Rf3 43. Ke2 Rh3 44. cxb5 axb5 45. Bf4+ Kd5 46.
Bg3 Kc4 47. Kd2 Kb3 48. Bd6 c4 49. Kc1 Rf3 50. g5 c3 0-1

[Event "Goldener Springer 2019"]
[Site "Frankfurt-Griesheim"]
[Date "2019.??.??"]
[Round "2"]
[White "Poetsch, Hagen"]
[Black "Strache, Rolf"]
[Result "1-0"]
[WhiteElo "2510"]
[BlackElo "1536"]
[PlyCount "57"]
[EventDate "2019.??.??"]
[WhiteTeam "SC Heusenstamm"]
[BlackTeam "SK Herborn"]

1. e4 c5 2. Nf3 d6 3. d4 cxd4 4. Nxd4 Nf6 5. Nc3 g6 6. Be3 Bg7 7. f3 Nc6 8. Qd2
Bd7 9. O-O-O O-O 10. g4 Rc8 11. h4 h5 12. gxh5 Nxh5 13. Rg1 Nxd4 14. Bxd4 Bxd4
15. Qxd4 Qb6 16. Qxb6 axb6 17. Nd5 Kg7 18. Nxe7 Rc5 19. Rxd6 Bc6 20. b4 Rc3 21.
b5 Bxe4 22. fxe4 Ra8 23. Kb2 Rca3 24. Bc4 R3a4 25. Bb3 Rxe4 26. Nxg6 Kh7 27.
Rd7 Nf4 28. Rxf7+ Kh6 29. Nxf4 1-0

[Event "Goldener Springer 2019"]
[Site "Frankfurt-Griesheim"]
[Date "2019.??.??"]
[Round "2"]
[White "Shashkin, Igor"]
[Black "Gries, Volker"]
[Result "1-0"]
[WhiteElo "2077"]
[BlackElo "2069"]
[PlyCount "33"]
[EventDate "2019.??.??"]
[WhiteTeam "SV Oberursel"]
[BlackTeam "SV Oberursel"]

1. c4 e5 2. Nc3 Nf6 3. g3 Bb4 4. Bg2 O-O 5. Nf3 Re8 6. O-O h6 7. d3 Bxc3 8.
bxc3 Nc6 9. e4 d6 10. Ne1 Rb8 11. f4 Bg4 12. Qc2 exf4 13. gxf4 Qd7 14. Kh1 Nh7
15. f5 f6 16. Qf2 Qf7 17. Qg3 1-0

[Event "Goldener Springer 2019"]
[Site "Frankfurt-Griesheim"]
[Date "2019.??.??"]
[Round "2"]
[White "Hoehn, Michael"]
[Black "Yaghi, Rita"]
[Result "1-0"]
[WhiteElo "2012"]
[BlackElo "1743"]
[PlyCount "87"]
[EventDate "2019.??.??"]
[WhiteTeam "VSG Offenbach"]
[BlackTeam "SK Marburg"]

1. Nf3 d5 2. b3 Nf6 3. Bb2 c5 4. e3 Nc6 5. Bb5 a6 6. Bxc6+ bxc6 7. Ne5 Qc7 8.
d3 e6 9. Nd2 Bd6 10. f4 O-O 11. O-O Nd7 12. Ndf3 f6 13. Nxd7 Bxd7 14. Qe1 e5
15. fxe5 fxe5 16. Qg3 Rae8 17. Rae1 Re6 18. Ng5 Ref6 19. Rxf6 Rxf6 20. e4 Rf4
21. h3 c4 22. Nf3 cxd3 23. cxd3 d4 24. Bc1 Rf6 25. Bg5 Rf7 26. Bh6 Qb8 27. Rf1
Qf8 28. Rc1 Kh8 29. Nxe5 Kg8 30. Nxd7 Bxg3 31. Nxf8 Kxf8 32. Bd2 Rf6 33. Bb4+
Ke8 34. Bc5 Kd7 35. Bxd4 Rd6 36. Rc4 c5 37. Bxc5 Rxd3 38. Rd4+ Rxd4 39. Bxd4 g6
40. Kf1 Ke6 41. Ke2 Bc7 42. Kd3 Kd6 43. Kc4 Kc6 44. e5 1-0

[Event "Goldener Springer 2019"]
[Site "Frankfurt-Griesheim"]
[Date "2019.??.??"]
[Round "2"]
[White "Olesiak, Marcin"]
[Black "Klundt, Klaus"]
[Result "0-1"]
[WhiteElo "2033"]
[BlackElo "2309"]
[PlyCount "82"]
[EventDate "2019.??.??"]
[WhiteTeam "SV Oberursel"]
[BlackTeam "SC Heusenstamm"]

1. e4 c5 2. Nc3 e6 3. f4 Nc6 4. Nf3 d5 5. Bb5 Nge7 6. exd5 exd5 7. Qe2 Qd6 8.
d4 cxd4 9. Nxd4 g6 10. Be3 Bg7 11. O-O-O O-O 12. Qf2 Be6 13. Bxc6 bxc6 14. Nb3
a5 15. Bc5 Qc7 16. Na4 Rfb8 17. h3 Nc8 18. g4 Bh6 19. Rhf1 Nd6 20. Bxd6 Qxd6
21. Kb1 Rb4 22. f5 Rxa4 23. fxe6 fxe6 24. Qf7+ Kh8 25. Nd4 Rxd4 26. Rxd4 Rf8
27. Rd3 e5 28. Rb3 Rxf7 29. Rxf7 Kg8 30. Rbb7 e4 31. Rfc7 Qf4 32. a3 e3 33. Re7
e2 34. Re8+ Bf8 35. Rbe7 Qf1+ 36. Ka2 Qxh3 37. Rxe2 Qxg4 38. Rf2 Qc4+ 39. Kb1
Qc5 40. Rf6 Kg7 41. Rfe6 Kf7 0-1

[Event "Goldener Springer 2019"]
[Site "Frankfurt-Griesheim"]
[Date "2019.??.??"]
[Round "2"]
[White "Keuth, Gerd Erich"]
[Black "Engel, Jan"]
[Result "0-1"]
[WhiteElo "2016"]
[BlackElo "1860"]
[PlyCount "140"]
[EventDate "2019.??.??"]
[WhiteTeam "SC Herborn"]
[BlackTeam "Frankfurter TV"]

1. c4 c5 2. Nf3 Nc6 3. d4 cxd4 4. Nxd4 g6 5. Nc3 Bg7 6. e3 Nf6 7. Be2 O-O 8.
O-O d6 9. b3 Bd7 10. Bb2 Rc8 11. Nd5 Ne8 12. Nxc6 Bxc6 13. Bxg7 Kxg7 14. Qd4+
e5 15. Qxa7 Ra8 16. Qb6 Bxd5 17. Qxd8 Rxd8 18. cxd5 Rc8 19. Bc4 f5 20. a4 Nf6
21. f3 Rc5 22. Rfd1 Re8 23. h3 e4 24. f4 h6 25. g3 h5 26. Ra2 Ra8 27. Rg2 Rh8
28. Ra2 Ra8 29. Kf2 b5 30. Be2 bxa4 31. bxa4 Nxd5 32. Rd4 Nc3 33. Rad2 d5 34.
Bd1 Nxd1+ 35. Rxd1 Raa5 36. g4 hxg4 37. hxg4 Kf6 38. g5+ Ke6 39. Rb1 Rc2+ 40.
Kf1 Rac5 41. Rb6+ Rc6 42. Rdb4 Rc1+ 43. Kf2 Kd7 44. Rxc6 Rxc6 45. Rb7+ Ke8 46.
Rb5 Rd6 47. a5 Ke7 48. Ke2 d4 49. exd4 Rxd4 50. a6 Ra4 51. Rb6 Ra2+ 52. Ke3
Ra3+ 53. Kf2 Ra2+ 54. Kg3 Ra3+ 55. Kh4 Ra4 56. Rb7+ Kd6 57. Rg7 e3 58. Rxg6+
Ke7 59. Kg3 Re4 60. a7 e2 61. Rg7+ Kd6 62. Rg6+ Kc7 63. Rc6+ Kb7 64. Rc1 e1=Q+
65. Rxe1 Rxe1 66. Kh4 Rh1+ 67. Kg3 Kxa7 68. Kg2 Rh4 69. Kf3 Kb6 70. Ke3 Kc5 0-1

[Event "Goldener Springer 2019"]
[Site "Frankfurt-Griesheim"]
[Date "2019.??.??"]
[Round "2"]
[White "Bakiev, Diyor"]
[Black "Ostermeier, Thorsten"]
[Result "1-0"]
[WhiteElo "1918"]
[BlackElo "1976"]
[PlyCount "63"]
[EventDate "2019.??.??"]
[WhiteTeam "SV Ffm-Griesheim"]
[BlackTeam "SF Frankfurt"]

1. e4 c5 2. c3 d5 3. exd5 Qxd5 4. d4 cxd4 5. cxd4 Nc6 6. Nf3 e5 7. Nc3 Bb4 8.
Bd2 Bxc3 9. Bxc3 exd4 10. Nxd4 Nf6 11. Nxc6 Qxc6 12. Bxf6 Qxf6 13. Bb5+ Ke7 14.
O-O Rd8 15. Qh5 Bf5 16. g4 Rd5 17. Bc4 Rd4 18. gxf5 Rh4 19. Qf3 Kf8 20. Bd5 Rd8
21. Rad1 h5 22. h3 g5 23. fxg6 Qxg6+ 24. Qg3 Qf6 25. Bg2 Rc8 26. Rd6 Qf4 27.
Qxf4 Rxf4 28. Rd7 Ra4 29. Rxb7 Rxa2 30. Bd5 Ra5 31. Rxf7+ Ke8 32. Re1+ 1-0